| 000 | 00669nam a2200205Ia 4500 | ||
|---|---|---|---|
| 003 | GCL | ||
| 008 | 140319s9999 xx 000 0 ara d | ||
| 040 |
_aGCL / _cGCL |
||
| 082 | 0 | 4 |
_a152.18 _bك خ |
| 100 | 1 | _aكريم الشيخ اسماعيل | |
| 245 | 1 | 0 |
_aخوارق الادراك لما وراء الحس والحواس الخمس / _cكريم الشيخ اسماعيل |
| 700 | 1 | _aال كاشف الغطاء | |
| 300 | _a191 ص | ||
| 490 |
_aالهيئة العامة للاستعلامات _v0 |
||
| 650 | 0 | 4 | _aالادراك |
| 650 | 0 | 4 | _aالادراك الحسى |
| 650 | 0 | 4 | _aالحواس |
| 650 | 0 | 4 | _aالادراك الذهنى |
| 942 |
_2ddc _cBK |
||
| 999 |
_c50897 _d50897 |
||